| LEADER 00000nam 2200000uu 4500 |
| 001 13399128827 |
| 003 BCNR |
| 008 260629s2567||||th 000 0 tha d |
| 020 ^a9786166128796
|
| 041 ^atha
|
| 060 4 ^aWA380^bอ662ส 2567
|
| 100 0 ^aอารียา จิรธนานุวัฒน์
|
| 245 00 ^aสุขภาพคนเมืองและการส่งเสริมสุขภาพ =^bUrban health and health promotion /^cอารียา จิรธนานุวัฒน์
|
| 246 31 ^aUrban health and health promotion
|
| 250 ^aพิมพ์ครั้งที่ 1
|
| 260 ^aนนทบุรี :^bพีเอ็นเอส ครีเอชั่น,^c2567
|
| 300 ^a182 หน้า :^bภาพประกอบ, ตาราง ;^c25 ซม.
|
| 505 0 ^aบทที่ 1 สุขภาพกับเป้าหมายการพัฒนาอย่างยั่งยืน -- บทที่ 2 การส่งเสริมสุขภาพ -- บทที่ 3 ทฤษฎีทางพฤติกรรมสุขภาพ -- บทที่ 4 สุขภาพคนเมือง -- บทที่ 5 กลวิธีส่งเสริมสุขภาพ
|
| 650 4 ^aการส่งเสริมสุขภาพ
|
| 650 4 ^aพฤติกรรมสุขภาพ
|
| 650 4 ^aสุขภาพเมือง
|
| 710 2 ^aมหาวิทยาลัยนวมินทราธิราช. ^bคณะวิทยาศาสตร์และเทคโนโลยีสุขภาพ.^bภาควิชาเทคโนโลยีสุขภาพ
|
| 999 ^aบรรณารักษ์
|